书目信息 |
| 题名: |
中国陶瓷鉴定史
|
|
| 作者: | 赵宏 著 | |
| 分册: | ||
| 出版信息: | 北京 中国民族摄影艺术出版社 2015 |
|
| 页数: | 251页 | |
| 开本: | 24cm | |
| 丛书名: | ||
| 单 册: | ||
| 中图分类: | K876.34 | |
| 科图分类: | ||
| 主题词: | 瓷器(考古)--Ci Qi (Kao Gu )--鉴定--历史--中国 | |
| 电子资源: | ||
| ISBN: | 978-7-5122-0638-0 | |
| 000 | 00906nam0 22002291 450 | |
| 001 | 0121113050 | |
| 005 | 20161122155351.96 | |
| 010 | @a978-7-5122-0638-0@dCNY48.00 | |
| 100 | @a20150617d2015 em y0chiy50 ea | |
| 101 | 0 | @achi |
| 102 | @aCN@b110000 | |
| 105 | @aa z 000yy | |
| 106 | @ar | |
| 200 | 1 | @a中国陶瓷鉴定史@AZhong Guo Tao Ci Jian Ding Shi@f赵宏著 |
| 210 | @a北京@c中国民族摄影艺术出版社@d2015 | |
| 215 | @a251页@c图,照片@d24cm | |
| 330 | @a本书共12篇,主要内容包括:陶瓷与鉴定、陶瓷鉴定产生的时代背景、宋人笔记、功利倾向的出现与发展、明人笔记、传统陶瓷史学的定型与鉴定的发展、功利化陶瓷鉴定的发展、作为鉴定主流的功利化鉴定、诸门陶瓷鉴定、仿古瓷、陶瓷鉴定的常用术语、陶瓷鉴定史综论等。 | |
| 606 | 0 | @a瓷器(考古)@ACi Qi (Kao Gu )@x鉴定@x历史@y中国 |
| 690 | @aK876.34@v5 | |
| 701 | 0 | @a赵宏@AZhao Hong@c(陶瓷)@4著 |
| 801 | 0 | @aCN@bTANGWEI@c20161118 |
| 905 | @b0898281-5@dK876.34@e316@f5 | |
| 中国陶瓷鉴定史/赵宏著.-北京:中国民族摄影艺术出版社,2015 |
| 251页:图,照片;24cm |
| ISBN 978-7-5122-0638-0:CNY48.00 |
| 本书共12篇,主要内容包括:陶瓷与鉴定、陶瓷鉴定产生的时代背景、宋人笔记、功利倾向的出现与发展、明人笔记、传统陶瓷史学的定型与鉴定的发展、功利化陶瓷鉴定的发展、作为鉴定主流的功利化鉴定、诸门陶瓷鉴定、仿古瓷、陶瓷鉴定的常用术语、陶瓷鉴定史综论等。 |
| ● |
| 相关链接 |
|
|
|
|
正题名:中国陶瓷鉴定史
索取号:K876.34/316
 
预约/预借
| 序号 | 登录号 | 条形码 | 馆藏地/架位号 | 状态 | 备注 |
| 1 | 0898281 | 208982813 | 第二样本阅览室/ [索取号:K876.34/316] | 在馆 | |
| 2 | 0898282 | 208982822 | 第二借阅区/ [索取号:K876.34/316] | 在馆 | |
| 3 | 0898283 | 208982831 | 第二借阅区/ [索取号:K876.34/316] | 在馆 | |
| 4 | 0898284 | 208982840 | 第二借阅区/ [索取号:K876.34/316] | 在馆 | |
| 5 | 0898285 | 208982859 | 第二借阅区/ [索取号:K876.34/316] | 在馆 |